[Event "Titled Tuesday intern op 10th Nov"]
[Site "Chess.com INT"]
[Date "2020.11.10"]
[Round "6"]
[White "Garcia Cardenas, Pablo"]
[Black "Mamedyarov, Shakhriyar"]
[Result "0-1"]
[WhiteElo "2422"]
[BlackElo "2770"]
[PlyCount "46"]
[EventDate "2020.11.10"]
[EventType "swiss (blitz)"]
[EventRounds "11"]
[EventCountry "USA"]
[SourceTitle "CBM 199 Extra"]
[Source "ChessBase"]
[SourceDate "2021.01.31"]
[SourceVersion "1"]
[SourceVersionDate "2021.01.31"]
[SourceQuality "1"]

1. d4 d5 2. c4 c5 3. cxd5 Qxd5 4. Nf3 cxd4 5. Nc3 Qa5 6. Nxd4 Nf6 7. Nb3 Qc7 8. g3 e5 9. Bg2 Bb4 10. 0-0 Bxc3 11. bxc3 0-0 12. Bg5 Be6 13. Bxf6 gxf6 14. f4 Nd7 15. Rc1 Rac8 16. e3 Qb6 17. Qf3 Rfd8 18. Kh1 Nc5 19. fxe5 fxe5 20. Nxc5 Qxc5 21. Bh3 Qc6 22. e4 Bxh3 23. Qxf7+ Kh8 0-1

[Event "Titled Tuesday intern op 27th Oct"]
[Site "Chess.com INT"]
[Date "2020.10.27"]
[Round "4"]
[White "Mikhnenko, Alexander"]
[Black "Garcia Cardenas, Pablo"]
[Result "0-1"]
[WhiteElo "2141"]
[BlackElo "2422"]
[PlyCount "132"]
[EventDate "2020.10.27"]
[EventType "swiss (blitz)"]
[EventRounds "11"]
[EventCountry "USA"]
[SourceTitle "CBM 199 Extra"]
[Source "ChessBase"]
[SourceDate "2021.01.31"]
[SourceVersion "1"]
[SourceVersionDate "2021.01.31"]
[SourceQuality "1"]

1. d4 Nf6 2. Nf3 d5 3. Bf4 e6 4. e3 Bd6 5. Bg3 0-0 6. Nbd2 c5 7. c3 b6 8. Bd3 Nc6 9. Qe2 Bb7 10. e4 Be7 11. e5 Nh5 12. 0-0 cxd4 13. cxd4 Nb4 14. Bb5 a6 15. Ba4 Bc6 16. Bxc6 Nxc6 17. a3 Nxg3 18. hxg3 b5 19. Rac1 Qb6 20. Qd3 Na5 21. b4 Nc4 22. Ra1 a5 23. bxa5 Rxa5 24. Rfb1 Qa6 25. Kh2 Nxa3 26. Rh1 b4 27. Qb3 Rc8 28. g4 Rc3 29. Qd1 Qd3 30. Qe1 Nc2 31. Rxa5 Nxe1 32. Ra8+ Bf8 33. Rxe1 g5 34. Rea1 Kg7 35. Nf1 Ra3 36. R1xa3 bxa3 37. Ng3 Be7 38. Re8 a2 39. Rxe7 a1Q 40. Nh5+ Kf8 41. Rd7 Qb5 42. Rd8+ Ke7 43. Rh8 Qbb1 44. Nf6 Qh1+ 45. Kg3 Qa4 46. Nxg5 h6 47. Ngh7 Qb3+ 48. f3 Qe1+ 49. Kh3 Qh1+ 50. Kg3 Qe1+ 51. Kh3 Qb5 52. Rg8 Qh1+ 53. Kg3 Qe1+ 54. Kh3 Qh1+ 55. Kg3 h5 56. gxh5 Qa4 57. Rc8 Qe1+ 58. Kh3 Qh1+ 59. Kg3 Qhd1 60. Rc7+ Kd8 61. Rxf7 Qe1+ 62. Kh3 Qh1+ 63. Kg3 Qaa1 64. Nf8 Qae1+ 65. Kf4 Qhh4+ 66. g4 Qd2# 0-1

[Event "Titled Tuesday intern op 20th Oct"]
[Site "Chess.com INT"]
[Date "2020.10.20"]
[Round "3"]
[White "Garcia Cardenas, Pablo"]
[Black "Sadhwani, Raunak"]
[Result "0-1"]
[WhiteElo "2422"]
[BlackElo "2545"]
[PlyCount "96"]
[EventDate "2020.10.20"]
[EventType "swiss (blitz)"]
[EventRounds "11"]
[EventCountry "USA"]
[SourceTitle "EXT 2022"]
[Source "ChessBase"]
[SourceDate "2021.10.06"]
[SourceVersion "1"]
[SourceVersionDate "2021.10.06"]
[SourceQuality "1"]

1. d4 Nf6 2. c4 Nc6 3. Nf3 e6 4. a3 d6 5. g3 g6 6. Bg2 Bg7 7. 0-0 0-0 8. Nc3 Nd7 9. d5 Ne7 10. e4 a5 11. Re1 Nc5 12. Be3 Bd7 13. Rb1 a4 14. e5 Nf5 15. Bg5 f6 16. exf6 Bxf6 17. Bxf6 Qxf6 18. dxe6 Bxe6 19. Nd5 Bxd5 20. Qxd5+ Kh8 21. h4 Rae8 22. Qd2 Kg7 23. Re2 Rxe2 24. Qxe2 Nd4 25. Nxd4 Qxd4 26. Rd1 Qf6 27. Re1 Rf7 28. f4 c6 29. Kh2 h6 30. Bh3 g5 31. fxg5 hxg5 32. Rf1 Qg6 33. Rxf7+ Kxf7 34. Qf3+ Qf6 35. Qh5+ Qg6 36. Qf3+ Kg7 37. Bf5 Qf6 38. hxg5 Qxg5 39. Kh3 Qh6+ 40. Kg2 Qd2+ 41. Kh3 Qxb2 42. Qh5 Qf6 43. Qh7+ Kf8 44. Bg4 Qf7 45. Qh8+ Ke7 46. Qc8 Qh7+ 47. Kg2 Qe4+ 48. Kh3 Qh1# 0-1

[Event "Titled Tuesday intern op 20th Oct"]
[Site "Chess.com INT"]
[Date "2020.10.20"]
[Round "4"]
[White "Vovk, Orest"]
[Black "Garcia Cardenas, Pablo"]
[Result "1-0"]
[WhiteElo "2315"]
[BlackElo "2422"]
[PlyCount "63"]
[EventDate "2020.10.20"]
[EventType "swiss (blitz)"]
[EventRounds "11"]
[EventCountry "USA"]
[SourceTitle "EXT 2022"]
[Source "ChessBase"]
[SourceDate "2021.10.06"]
[SourceVersion "1"]
[SourceVersionDate "2021.10.06"]
[SourceQuality "1"]

1. h3 d5 2. e4 dxe4 3. Nc3 Bf5 4. Qe2 c6 5. Nxe4 e6 6. Nf3 Nd7 7. d3 Qb6 8. g4 Bg6 9. Bg2 Be7 10. 0-0 Ngf6 11. Be3 Qc7 12. Nxf6+ Nxf6 13. Bd4 0-0 14. Be5 Qb6 15. c3 Nd5 16. d4 a5 17. a4 Rfe8 18. Bg3 h6 19. Ne5 Bh7 20. Nd7 Qd8 21. Ne5 Bd6 22. f4 f6 23. Nd3 Qc7 24. Rae1 Bxd3 25. Qxd3 Nxf4 26. Bxf4 Bxf4 27. Qg6 Bd6 28. Rxf6 Rf8 29. Rfxe6 Rad8 30. Be4 Rf4 31. Qh7+ Kf7 32. Bg6+ 1-0

[Event "Titled Tuesday intern op 22nd Sept"]
[Site "Chess.com INT"]
[Date "2020.09.22"]
[Round "1"]
[White "Kislov, Oleg"]
[Black "Garcia Cardenas, Pablo"]
[Result "0-1"]
[WhiteElo "2249"]
[BlackElo "2422"]
[PlyCount "72"]
[EventDate "2020.09.22"]
[EventType "swiss (blitz)"]
[EventRounds "10"]
[EventCountry "USA"]
[SourceTitle "CBM 198 Extra"]
[Source "ChessBase"]
[SourceDate "2020.11.30"]
[SourceVersion "1"]
[SourceVersionDate "2020.11.30"]
[SourceQuality "1"]

1. e4 e5 2. Nf3 Nc6 3. d4 exd4 4. Nxd4 Nf6 5. Nc3 Bb4 6. Nxc6 bxc6 7. Bd3 d5 8. exd5 0-0 9. 0-0 Bg4 10. f3 Bh5 11. dxc6 Qd4+ 12. Kh1 Bxc3 13. bxc3 Qxc3 14. Rb1 Qxc6 15. Bb2 Bg6 16. Bxg6 hxg6 17. Qd4 Rfd8 18. Qc3 Qxc3 19. Bxc3 Nd5 20. Bd2 Rab8 21. Kg1 Rb6 22. Kf2 Ra6 23. Rb2 Nb6 24. Bf4 Rd7 25. Re1 f6 26. Re4 Kf7 27. Ke2 Na4 28. Rb7 Nc3+ 29. Ke3 Nxe4 30. fxe4 Ra3+ 31. Ke2 Rxa2 32. Be3 a5 33. Kf3 Rxc2 34. Ra7 Rd3 35. Kf4 g5+ 36. Kf3 Rcc3 0-1

[Event "Titled Tuesday intern op 22nd Sept"]
[Site "Chess.com INT"]
[Date "2020.09.22"]
[Round "3"]
[White "Sarana, Alexey"]
[Black "Garcia Cardenas, Pablo"]
[Result "1-0"]
[WhiteElo "2654"]
[BlackElo "2422"]
[PlyCount "75"]
[EventDate "2020.09.22"]
[EventType "swiss (blitz)"]
[EventRounds "10"]
[EventCountry "USA"]
[SourceTitle "CBM 198 Extra"]
[Source "ChessBase"]
[SourceDate "2020.11.30"]
[SourceVersion "1"]
[SourceVersionDate "2020.11.30"]
[SourceQuality "1"]

1. d4 Nf6 2. c4 e6 3. Nc3 d5 4. cxd5 exd5 5. Bg5 c6 6. e3 Be7 7. Bd3 Nbd7 8. Qc2 Nh5 9. Bxe7 Qxe7 10. Nge2 Nb6 11. 0-0 g6 12. Rae1 0-0 13. Nc1 Nc4 14. e4 Nf4 15. g3 Nxd3 16. Nxd3 dxe4 17. Nxe4 Nd6 18. Nec5 Qd8 19. Nf4 Nf5 20. Rd1 b6 21. Ne4 Nxd4 22. Qc3 c5 23. b4 Bb7 24. bxc5 bxc5 25. Qxc5 Nf3+ 26. Kg2 Qb6 27. Qxb6 axb6 28. Kxf3 f5 29. Rd2 Bxe4+ 30. Ke2 Rfe8 31. Ra1 Bg2+ 32. Kd1 Bf3+ 33. Kc2 Rac8+ 34. Kb2 Re5 35. a4 Rec5 36. Ra3 Be4 37. Nd3 Rc2+ 38. Rxc2 1-0

[Event "Titled Tuesday intern op 15th Sept"]
[Site "Chess.com INT"]
[Date "2020.09.15"]
[Round "4"]
[White "Garcia Cardenas, Pablo"]
[Black "Sychev, Klementy"]
[Result "0-1"]
[WhiteElo "2422"]
[BlackElo "2572"]
[PlyCount "94"]
[EventDate "2020.09.15"]
[EventType "swiss (blitz)"]
[EventRounds "10"]
[EventCountry "USA"]
[SourceTitle "CBM 198 Extra"]
[Source "ChessBase"]
[SourceDate "2020.11.30"]
[SourceVersion "1"]
[SourceVersionDate "2020.11.30"]
[SourceQuality "1"]

1. d4 Nf6 2. c4 g6 3. Nc3 d5 4. cxd5 Nxd5 5. e4 Nxc3 6. bxc3 Bg7 7. Be3 c5 8. Rc1 Qa5 9. Qd2 cxd4 10. cxd4 Qxd2+ 11. Kxd2 0-0 12. Bb5 a6 13. Ba4 b5 14. Bb3 Bb7 15. d5 a5 16. Rc7 Ba6 17. Rxe7 a4 18. Bc2 b4 19. Bxa4 Bf1 20. Ne2 Bxe2 21. Bb3 Bb5 22. Rb7 Bc3+ 23. Kc2 Ba4 24. Rd1 Rc8 25. Kd3 Nd7 26. f4 Nf6 27. Bd4 Ra5 28. d6 Bxb3 29. axb3 Bxd4 30. Kxd4 Rd8 31. Ke3 Nd7 32. Rxb4 Ra6 33. Kf3 Kf8 34. e5 Rc6 35. g4 Rc3+ 36. Ke4 g5 37. f5 Rc5 38. Rd5 Rc1 39. Rb7 Re1+ 40. Kd4 Nxe5 41. Rxe5 Rd7 42. Kc5 Rxe5+ 43. Kc6 Rxb7 44. Kxb7 Ke8 45. Kc7 Rc5+ 46. Kb6 Rc1 47. b4 Kd7 0-1

[Event "Titled Tuesday intern op 15th Sept"]
[Site "Chess.com INT"]
[Date "2020.09.15"]
[Round "1"]
[White "Garcia Cardenas, Pablo"]
[Black "Terletsky, Oleg"]
[Result "1-0"]
[WhiteElo "2422"]
[BlackElo "2280"]
[PlyCount "105"]
[EventDate "2020.09.15"]
[EventType "swiss (blitz)"]
[EventRounds "10"]
[EventCountry "USA"]
[SourceTitle "CBM 198 Extra"]
[Source "ChessBase"]
[SourceDate "2020.11.30"]
[SourceVersion "1"]
[SourceVersionDate "2020.11.30"]
[SourceQuality "1"]

1. d4 Nf6 2. c4 g6 3. Nc3 Bg7 4. e4 d6 5. h3 0-0 6. Be3 e5 7. d5 Na6 8. g4 Nc5 9. Qc2 a5 10. Nge2 c6 11. Ng3 cxd5 12. cxd5 a4 13. f3 Qa5 14. Qd2 Bd7 15. Rc1 Rfc8 16. h4 b5 17. Nd1 b4 18. Nf2 Bb5 19. Bxb5 Qxb5 20. Qe2 Qa5 21. Kf1 a3 22. Kg2 axb2 23. Qxb2 Na4 24. Qb3 Nc3 25. Rc2 Nd7 26. Nd3 Nc5 27. Nxc5 dxc5 28. Ra1 c4 29. Qb2 Na4 30. Qb1 Rab8 31. Bd2 c3 32. Be3 Qb5 33. Qb3 Nc5 34. Bxc5 Rxc5 35. Rb1 Bh6 36. a3 Rc4 37. Ne2 Be3 38. axb4 Rxb4 39. Qxb4 Qxb4 40. Rxb4 Rxb4 41. Nxc3 Rc4 42. d6 Bb6 43. Rb2 Bc5 44. d7 Rd4 45. Rb8+ Kg7 46. Nd5 Be7 47. Nxe7 Rxd7 48. Nd5 h6 49. g5 hxg5 50. hxg5 f5 51. gxf6+ Kf7 52. Kg3 Ke6 53. Kg4 1-0

[Event "Titled Tuesday intern op 15th Sept"]
[Site "Chess.com INT"]
[Date "2020.09.15"]
[Round "3"]
[White "Grachev, Boris V"]
[Black "Garcia Cardenas, Pablo"]
[Result "0-1"]
[WhiteElo "2612"]
[BlackElo "2422"]
[PlyCount "130"]
[EventDate "2020.09.15"]
[EventType "swiss (blitz)"]
[EventRounds "10"]
[EventCountry "USA"]
[SourceTitle "CBM 198 Extra"]
[Source "ChessBase"]
[SourceDate "2020.11.30"]
[SourceVersion "1"]
[SourceVersionDate "2020.11.30"]
[SourceQuality "1"]

1. d4 Nf6 2. Bf4 d5 3. e3 e6 4. Nd2 Bd6 5. Bg3 0-0 6. Ngf3 c5 7. c3 b6 8. Bxd6 Qxd6 9. Ne5 Ba6 10. Bxa6 Nxa6 11. 0-0 Nb8 12. Qa4 Nbd7 13. f4 b5 14. Qa5 c4 15. a4 bxa4 16. Qxa4 Rfb8 17. Ra2 Rb7 18. Qc6 Qb8 19. Rfa1 h5 20. h3 a5 21. Rxa5 Rxa5 22. Rxa5 g6 23. Ndf3 Nxe5 24. Nxe5 Kg7 25. Kh2 Ne4 26. Ra2 h4 27. Qa4 Ng3 28. Nc6 Qc7 29. Ne5 Qb8 30. Qa3 Nf1+ 31. Kg1 Nxe3 32. Kf2 Nf5 33. Kf3 Rb3 34. Qa7 Qxa7 35. Rxa7 Nh6 36. Ra2 Nf5 37. Kg4 f6 38. Ra7+ Kh6 39. Nf7+ Kg7 40. Ng5+ Kg8 41. Nxe6 Rxb2 42. Kf3 Rc2 43. Ra8+ Kf7 44. Nd8+ Ke7 45. Nc6+ Kd6 46. Ra6 Rxc3+ 47. Kf2 Kc7 48. Nb4 Rb3 49. Nxd5+ Kb7 50. Rxf6 c3 51. Ke2 Nxd4+ 52. Kd3 c2+ 53. Kd2 Rd3+ 54. Kxd3 c1Q 55. Kxd4 Qb2+ 56. Ke4 Qxg2+ 57. Ke5 Qxh3 58. Rb6+ Kc8 59. Rxg6 Qf3 60. Rg8+ Kb7 61. Rg7+ Kc6 62. Rh7 Qxd5+ 63. Kf6 Qd6+ 64. Kg5 Qd8+ 65. Kg4 Qg8+ 0-1

[Event "Titled Tuesday intern op 4th Aug 10am"]
[Site "Chess.com INT"]
[Date "2020.08.04"]
[Round "4"]
[White "Garcia Cardenas, Pablo"]
[Black "Hovhannisyan, Robert"]
[Result "1/2-1/2"]
[WhiteElo "2422"]
[BlackElo "2642"]
[PlyCount "120"]
[EventDate "2020.08.04"]
[EventType "swiss (blitz)"]
[EventRounds "10"]
[EventCountry "USA"]
[SourceTitle "CBM 197 Extra"]
[Source "ChessBase"]
[SourceDate "2020.09.30"]
[SourceVersion "1"]
[SourceVersionDate "2020.09.30"]
[SourceQuality "1"]

1. d4 d5 2. c4 c6 3. Nf3 Nf6 4. e3 Bg4 5. h3 Bh5 6. Nc3 e6 7. Qb3 Qb6 8. g4 Bg6 9. c5 Qc7 10. Nh4 Nbd7 11. Nxg6 hxg6 12. Bg2 Be7 13. g5 Nh5 14. f4 Ng3 15. Rg1 Nf5 16. Bd2 b6 17. cxb6 axb6 18. Rc1 Qa7 19. a3 b5 20. Na2 c5 21. dxc5 Bxc5 22. Ke2 0-0 23. Rgd1 Rab8 24. Bf3 Rfe8 25. Bg4 e5 26. Bxf5 gxf5 27. Qxd5 Re6 28. Kf3 exf4 29. exf4 Rbe8 30. Nc3 b4 31. axb4 Bxb4 32. Qxf5 Nf8 33. Qb5 Bxc3 34. bxc3 Ng6 35. Re1 Nh4+ 36. Kg3 Nf5+ 37. Qxf5 Rxe1 38. Rxe1 Rxe1 39. Bxe1 Qe3+ 40. Kg2 Qxe1 41. Qc8+ Kh7 42. Qf5+ Kg8 43. Qd3 g6 44. Kf3 Qh1+ 45. Ke2 Qg2+ 46. Kd1 Qg1+ 47. Kc2 Qf2+ 48. Qd2 Qf3 49. c4 Qxh3 50. Qd4 Qg2+ 51. Kb3 Qf3+ 52. Kb4 Qb7+ 53. Ka5 Qa8+ 54. Kb5 Qb8+ 55. Ka4 Qa8+ 56. Kb3 Qf3+ 57. Kb2 Qe2+ 58. Kc3 Qf3+ 59. Kc2 Qe2+ 60. Kb3 Qf3+ 1/2-1/2

[Event "Titled Tuesday intern op 4th Aug 2pm"]
[Site "Chess.com INT"]
[Date "2020.08.04"]
[Round "2"]
[White "Janaszak, Dawid"]
[Black "Garcia Cardenas, Pablo"]
[Result "1-0"]
[WhiteElo "2356"]
[BlackElo "2422"]
[PlyCount "47"]
[EventDate "2020.08.04"]
[EventType "swiss (blitz)"]
[EventRounds "10"]
[EventCountry "USA"]
[SourceTitle "CBM 197 Extra"]
[Source "ChessBase"]
[SourceDate "2020.09.30"]
[SourceVersion "1"]
[SourceVersionDate "2020.09.30"]
[SourceQuality "1"]

1. d4 Nf6 2. Nf3 d5 3. Bf4 e6 4. e3 Bd6 5. Ne5 Nfd7 6. Nd2 0-0 7. Bg3 f6 8. Nd3 Bxg3 9. hxg3 Qe7 10. Nf4 g6 11. Bd3 Qf7 12. Qg4 f5 13. Qh4 Nf6 14. Nf3 h5 15. Ne5 Qg7 16. Nexg6 Rf7 17. Ne5 Re7 18. Nxh5 Nxh5 19. Qxh5 Nc6 20. Ng6 Re8 21. g4 fxg4 22. Ne5 Bd7 23. Nxd7 Qxd7 24. Qh8+ 1-0

[Event "Titled Tuesday intern op 21st July"]
[Site "Chess.com INT"]
[Date "2020.07.21"]
[Round "5"]
[White "Garcia Cardenas, Pablo"]
[Black "Stany, George Anthony"]
[Result "0-1"]
[WhiteElo "2422"]
[BlackElo "2522"]
[PlyCount "72"]
[EventDate "2020.07.21"]
[EventType "swiss (blitz)"]
[EventRounds "10"]
[EventCountry "USA"]
[SourceTitle "CBM 197 Extra"]
[Source "ChessBase"]
[SourceDate "2020.09.30"]
[SourceVersion "1"]
[SourceVersionDate "2020.09.30"]
[SourceQuality "1"]

1. d4 Nf6 2. c4 g6 3. Nc3 d5 4. cxd5 Nxd5 5. e4 Nxc3 6. bxc3 Bg7 7. Be3 0-0 8. Rc1 c5 9. Qd2 Qa5 10. Nf3 Rd8 11. d5 e6 12. Bg5 f6 13. Be3 exd5 14. exd5 Bg4 15. c4 Qxd2+ 16. Nxd2 Na6 17. Bd3 Rac8 18. h3 Bd7 19. 0-0 Nb4 20. Bb1 f5 21. Nb3 b6 22. Rfe1 a5 23. Nd2 a4 24. Nf3 Bb2 25. Rcd1 b5 26. cxb5 Bxb5 27. d6 c4 28. Nd4 Bd7 29. Nc2 Nd3 30. Re2 a3 31. Bd4 Ba4 32. Bxb2 axb2 33. Rdd2 Rxd6 34. Na3 Kf7 35. Kh2 Bd7 36. Re3 Be6 0-1

[Event "Titled Tuesday intern op 14th July"]
[Site "Chess.com INT"]
[Date "2020.07.14"]
[Round "4"]
[White "Garcia Cardenas, Pablo"]
[Black "Karjakin, Sergey"]
[Result "1/2-1/2"]
[WhiteElo "2422"]
[BlackElo "2752"]
[PlyCount "90"]
[EventDate "2020.07.14"]
[EventType "swiss (blitz)"]
[EventRounds "10"]
[EventCountry "USA"]
[SourceTitle "CBM 197 Extra"]
[Source "ChessBase"]
[SourceDate "2020.09.30"]
[SourceVersion "1"]
[SourceVersionDate "2020.09.30"]
[SourceQuality "1"]

1. d4 Nf6 2. c4 e6 3. Nc3 Bb4 4. Qc2 d5 5. cxd5 exd5 6. Bg5 h6 7. Bh4 0-0 8. e3 c6 9. Bd3 Re8 10. Nf3 Be7 11. Bg3 Nbd7 12. 0-0 Nh5 13. Nxd5 Nxg3 14. Nxe7+ Qxe7 15. hxg3 Nf6 16. Ne5 Ng4 17. Nxg4 Bxg4 18. Bf5 Qg5 19. Bxg4 Qxg4 20. b4 Rad8 21. Rfc1 Rd5 22. Qd1 Qd7 23. Rc5 Rd6 24. a4 a6 25. Rb1 g6 26. Qd2 h5 27. b5 cxb5 28. axb5 b6 29. Rc4 a5 30. Qc2 Qg4 31. Rc6 Red8 32. Rc1 Kg7 33. Qc3 Kh7 34. Rxd6 Rxd6 35. Qc7 Rf6 36. Qd8 Qf5 37. f4 h4 38. Rc8 Qb1+ 39. Kh2 hxg3+ 40. Kh3 Qh1+ 41. Kxg3 Qe1+ 42. Kf3 Qf1+ 43. Kg3 Qe1+ 44. Kf3 Qf1+ 45. Kg3 Qe1+ 1/2-1/2

[Event "Leon blitz op 33rd"]
[Site "Chess.com INT"]
[Date "2020.07.14"]
[Round "3"]
[White "Matlakov, Maxim"]
[Black "Garcia Cardenas, Pablo"]
[Result "1-0"]
[WhiteElo "2685"]
[BlackElo "2422"]
[PlyCount "59"]
[EventDate "2020.07.14"]
[EventType "swiss (blitz)"]
[EventRounds "10"]
[EventCountry "ESP"]
[SourceTitle "CBM 197 Extra"]
[Source "ChessBase"]
[SourceDate "2020.09.30"]
[SourceVersion "1"]
[SourceVersionDate "2020.09.30"]
[SourceQuality "1"]

1. Nf3 d5 2. g3 Nf6 3. Bg2 c5 4. 0-0 e6 5. c4 d4 6. e3 Nc6 7. exd4 cxd4 8. d3 Bd6 9. Bg5 h6 10. Bxf6 Qxf6 11. Nbd2 0-0 12. Ne4 Qe7 13. Nxd6 Qxd6 14. Re1 a5 15. Qe2 Ra7 16. Rac1 b6 17. Nd2 Rd7 18. c5 bxc5 19. Ne4 Qe7 20. Nxc5 Rc7 21. a3 Rd8 22. Rc4 Nb8 23. b4 axb4 24. axb4 Ba6 25. Rcc1 Bb5 26. Qh5 Rdc8 27. Ra1 Bc6 28. Bh3 Bd5 29. Qxd5 Nc6 30. Nxe6 1-0

[Event "Titled Tuesday intern op 7th July"]
[Site "Chess.com INT"]
[Date "2020.07.07"]
[Round "3"]
[White "Garcia Cardenas, Pablo"]
[Black "Gahan, MG."]
[Result "1-0"]
[WhiteElo "2422"]
[BlackElo "2229"]
[PlyCount "35"]
[EventDate "2020.07.07"]
[EventType "swiss (blitz)"]
[EventRounds "10"]
[EventCountry "USA"]
[SourceTitle "CBM 197 Extra"]
[Source "ChessBase"]
[SourceDate "2020.09.30"]
[SourceVersion "1"]
[SourceVersionDate "2020.09.30"]
[SourceQuality "1"]

1. d4 Nf6 2. c4 e5 3. dxe5 Ng4 4. Bf4 g5 5. Bg3 Bg7 6. Nf3 Nc6 7. h4 Ngxe5 8. Nxe5 Nxe5 9. Nc3 Nxc4 10. Qb3 d5 11. e4 c6 12. 0-0-0 Nb6 13. exd5 Nxd5 14. Nxd5 cxd5 15. Bb5+ Kf8 16. Rxd5 Qf6 17. hxg5 Qg6 18. Qb4+ 1-0

[Event "Titled Tuesday intern op 7th July"]
[Site "Chess.com INT"]
[Date "2020.07.07"]
[Round "1"]
[White "Garcia Cardenas, Pablo"]
[Black "Msellek, Ilyass"]
[Result "1-0"]
[WhiteElo "2422"]
[BlackElo "2316"]
[PlyCount "117"]
[EventDate "2020.07.07"]
[EventType "swiss (blitz)"]
[EventRounds "10"]
[EventCountry "USA"]
[SourceTitle "CBM 197 Extra"]
[Source "ChessBase"]
[SourceDate "2020.09.30"]
[SourceVersion "1"]
[SourceVersionDate "2020.09.30"]
[SourceQuality "1"]

1. d4 d6 2. e4 Nf6 3. Nc3 e5 4. Nf3 Nbd7 5. Bc4 Be7 6. 0-0 0-0 7. Re1 c6 8. a4 a5 9. h3 exd4 10. Nxd4 Nb6 11. Bf1 d5 12. e5 Ne8 13. Bf4 g6 14. Qf3 Ng7 15. Rad1 Bg5 16. g3 Qe7 17. Bxg5 Qxg5 18. Kh2 Nf5 19. Nb3 h5 20. Qd3 Nc4 21. Rb1 h4 22. g4 Qf4+ 23. Kg2 Nxe5 24. Qe2 Nxg4 25. Qxg4 Qd6 26. Qg5 Be6 27. Bd3 Kg7 28. Bxf5 Bxf5 29. Nd4 Bd7 30. Qe5+ Qxe5 31. Rxe5 Kf6 32. Rbe1 g5 33. Nb3 b6 34. f3 Be6 35. Nd4 Bd7 36. b3 Rfc8 37. Nd1 c5 38. Rxd5 cxd4 39. Rxd7 Rxc2+ 40. Nf2 Rd2 41. Re4 Rc8 42. Rexd4 Re2 43. Rd2 Re1 44. R7d6+ Kg7 45. Rxb6 Rcc1 46. Rb5 Rg1+ 47. Kh2 Rg3 48. Rxa5 Rxf3 49. Rxg5+ Kh6 50. Rg4 f5 51. Rxh4+ Kg5 52. Rb4 Rf1 53. Kg2 R1xf2+ 54. Rxf2 Rc3 55. Rbf4 Rc5 56. Rxf5+ Rxf5 57. Rxf5+ Kxf5 58. a5 Ke5 59. a6 1-0

[Event "Titled Tuesday intern op 7th July"]
[Site "Chess.com INT"]
[Date "2020.07.07"]
[Round "8"]
[White "Garcia Cardenas, Pablo"]
[Black "Shapkin, Anatoliy"]
[Result "0-1"]
[WhiteElo "2422"]
[BlackElo "2283"]
[PlyCount "66"]
[EventDate "2020.07.07"]
[EventType "swiss (blitz)"]
[EventRounds "10"]
[EventCountry "USA"]
[SourceTitle "CBM 197 Extra"]
[Source "ChessBase"]
[SourceDate "2020.09.30"]
[SourceVersion "1"]
[SourceVersionDate "2020.09.30"]
[SourceQuality "1"]

1. d4 Nf6 2. c4 g6 3. Nc3 d5 4. cxd5 Nxd5 5. e4 Nxc3 6. bxc3 Bg7 7. Be3 c5 8. Rc1 Qa5 9. Qd2 0-0 10. Nf3 Rd8 11. d5 e6 12. Bg5 f6 13. Be3 exd5 14. exd5 Nc6 15. c4 Nb4 16. Be2 b6 17. 0-0 Qxa2 18. Qd1 Bf5 19. Nh4 Bc2 20. Qd2 Bb3 21. Qe1 Nc2 22. Qc3 f5 23. Qd3 Nb4 24. Qb1 Qxe2 25. Qxb3 a5 26. Qa4 f4 27. Bxf4 Qg4 28. Bg3 Qd7 29. Qa3 a4 30. Nf3 Re8 31. h3 Qf5 32. Rfd1 Re2 33. d6 Bb2 0-1

[Event "Titled Tuesday intern op 7th July"]
[Site "Chess.com INT"]
[Date "2020.07.07"]
[Round "4"]
[White "Harahap, Yoga Pradafa"]
[Black "Garcia Cardenas, Pablo"]
[Result "1-0"]
[WhiteElo "2220"]
[BlackElo "2422"]
[PlyCount "95"]
[EventDate "2020.07.07"]
[EventType "swiss (blitz)"]
[EventRounds "10"]
[EventCountry "USA"]
[SourceTitle "CBM 197 Extra"]
[Source "ChessBase"]
[SourceDate "2020.09.30"]
[SourceVersion "1"]
[SourceVersionDate "2020.09.30"]
[SourceQuality "1"]

1. d4 Nf6 2. Nf3 d5 3. Bf4 e6 4. e3 Bd6 5. Ne5 0-0 6. Nd2 c5 7. c3 Nc6 8. Ndf3 Ne7 9. Bd3 b6 10. 0-0 Bb7 11. Bg3 Nf5 12. a4 a5 13. Re1 Be7 14. Bb5 Rc8 15. Nd2 Nd6 16. Bf1 c4 17. f3 Nfe8 18. e4 f6 19. Ng4 Qd7 20. Nf2 Nc7 21. Qc2 g6 22. h4 f5 23. e5 Nf7 24. f4 h6 25. Nf3 Kg7 26. Be2 Rh8 27. Nh3 Bc6 28. Bf2 Rb8 29. Nh2 Qd8 30. Nf3 b5 31. Kh2 b4 32. Rg1 h5 33. Nfg5 Nxg5 34. fxg5 Qd7 35. Rgf1 bxc3 36. bxc3 Rb3 37. Nf4 Rhb8 38. Ra2 Bxa4 39. Bxh5 Ra3 40. Qe2 Rxa2 41. Qxa2 gxh5 42. Nxh5+ Kf7 43. Qe2 Rh8 44. Kg1 Qd8 45. g4 Bd7 46. Be1 Bxg5 47. gxf5 exf5 48. Qg4 1-0

[Event "Titled Tuesday intern op 9th June"]
[Site "Chess.com INT"]
[Date "2020.06.09"]
[Round "3"]
[White "Garcia Cardenas, Pablo"]
[Black "Gonzalez, Francisco Silva"]
[Result "0-1"]
[WhiteElo "2422"]
[BlackElo "2049"]
[PlyCount "76"]
[EventDate "2020.06.09"]
[EventType "swiss (blitz)"]
[EventRounds "10"]
[EventCountry "USA"]
[SourceTitle "CBM 196 Extra"]
[Source "ChessBase"]
[SourceDate "2020.07.31"]
[SourceVersion "1"]
[SourceVersionDate "2020.07.31"]
[SourceQuality "1"]

1. d4 Nf6 2. c4 e6 3. Nc3 Bb4 4. Qc2 d6 5. e4 c5 6. d5 Bxc3+ 7. Qxc3 0-0 8. Bd3 Re8 9. Ne2 Nbd7 10. 0-0 Ne5 11. Bc2 b5 12. b3 b4 13. Qg3 exd5 14. cxd5 Ba6 15. Re1 Nh5 16. Qh3 Nf6 17. Bb2 Bc8 18. Qg3 Nh5 19. Qe3 Ng4 20. Qf3 Qh4 21. h3 Ne5 22. Qe3 g5 23. Ng3 Nf4 24. Nf5 Bxf5 25. exf5 f6 26. Be4 Re7 27. Rad1 Rae8 28. Qd2 Qh5 29. f3 Qh4 30. Kf1 Qg3 31. Bc1 Qh2 32. Qf2 Ned3 33. Bxf4 Nxf4 34. Rd2 Re5 35. Ra1 Nh5 36. Qg1 Ng3+ 37. Kf2 Nxe4+ 38. fxe4 Qf4+ 0-1